000 01619nam a2200313 a 4500
001 000030854
005 20200120222212.0
008 071004s1991 ck h gr0 p spa d
090 _aAP
_bCARJ
100 0 _aCaro, José Eusebio
245 1 3 _aLa filosofía del cristianismo :
_bpoesias /
_cJosé Eusebio Caro ; nota editorial por : Carlos Valderrama Andrade ; presentación: Ignacio Chaves Cuevas.
250 _a1a. ed.
260 _aSantafé de Bogotá :
_bInstituto Caro y Cuervo,
_c1991.
300 _axv, [211] p.
500 _a"Lás páginas de este cuaderno presentan en borradores, trabajados cuidadosamente en edición facsimilar,
500 _atestimonios de uno de los hombres que marcó el siglo XIX en las décadas del 30 al 50. Se trata de un cuaderno
500 _ade 211 páginas, numeradas por su autor con alguna equivocación, tiene algunas hojas en blanco y guarda los
500 _aborradores de un proyecto de escrito filosófico, una curiosa Algebra sinóptica, unas observaciones sobre
500 _aversificación y las poesías, precedidas de un plan de versificación"
500 _aEj.1 Roma, Donado en 2005
500 _aCuaderno de José Eusebio Caro : edición facsimilar
500 _aEj 1. En Biblioparque De Funza : Colección Proveniente De La Antigua Biblioteca Municipal, Centro Cultural Bacatá, Funza (Cundinamarca).
650 1 4 _aPoesia colombiana
650 2 4 _aLiteratura Colombiana
650 2 4 _aFacsimiles
700 1 _aValderrama Andrade, Carlos
_aeditor
700 1 _aChaves Cuevas, Ignacio
_apresentacion
901 _aDonación, Instituto acaro y Cuervo
999 _c1864
_d1864